Magyar statisztikai évkönyv 1991
Saved in:
| Format: | Book |
|---|---|
| Language: | Hungarian |
| Published: |
Budapest
Központi Statisztikai Hivatal
1993
|
| Edition: | 1. kiadás. |
| Subjects: | |
| Tags: |
No Tags, Be the first to tag this record!
|
MARC
| LEADER | 00000nam a2200000 4500 | ||
|---|---|---|---|
| 001 | c003903 | ||
| 005 | 20221214084026.7 | ||
| 041 | 0 | |a hun | |
| 044 | |a HU | ||
| 245 | 1 | 0 | |a Magyar statisztikai évkönyv 1991 |
| 250 | |a 1. kiadás. | ||
| 264 | 1 | |a Budapest |b Központi Statisztikai Hivatal |c 1993 | |
| 300 | |a 360 s. | ||
| 610 | 2 | 0 | |a Maďarsko |
| 610 | 2 | 0 | |a 1991 |
| 610 | 2 | 0 | |a obyvateľstvo |
| 610 | 2 | 0 | |a odvetvia činnosti ekonomickej |
| 610 | 2 | 0 | |a ukazovatele ekonomické |
| 610 | 2 | 0 | |a odvetvia priemyselné |
| 610 | 2 | 0 | |a zabezpečenie sociálne |